[Event "GRE-chT 47th"]
[Site "Patras"]
[Date "2019.07.04"]
[Round "4.2"]
[White "Botsari, Anna Maria"]
[Black "Cyfka, Karina"]
[Result "1/2-1/2"]
[WhiteElo "2233"]
[BlackElo "2425"]
[PlyCount "60"]
[EventDate "2019.07.02"]
[EventType "team-swiss"]
[EventRounds "7"]
[EventCountry "GRE"]
[SourceTitle "CBM 191 Extra"]
[Source "ChessBase"]
[SourceDate "2019.09.30"]
[SourceVersion "1"]
[SourceVersionDate "2019.09.30"]
[SourceQuality "1"]
[WhiteTeam "Nikaia Fysiolatris"]
[BlackTeam "Heraklion Attica"]
[WhiteTeamCountry "GRE"]
[BlackTeamCountry "GRE"]

1. d4 Nf6 2. c4 e6 3. g3 Bb4+ 4. Bd2 Qe7 5. Bg2 Nc6 6. d5 Ne5 7. Qb3 Bc5 8. e3 exd5 9. cxd5 d6 10. h3 Bf5 11. Nc3 0-0 12. Nge2 Nd3+ 13. Kf1 Rfe8 14. Nd4 Bg6 15. Kg1 Bb6 16. Nce2 Nc5 17. Qd1 Be4 18. Nc3 Bxg2 19. Kxg2 Nce4 20. Nde2 Ba5 21. Rc1 Rac8 22. Nf4 Nxd2 23. Qxd2 Ne4 24. Qd4 Bxc3 25. bxc3 Nc5 26. Rhd1 Qg5 27. Qb4 b6 28. Rd4 Qf5 29. Qb1 Qxb1 30. Rxb1 g6 1/2-1/2

[Event "GRE-chT 47th"]
[Site "Patras"]
[Date "2019.07.03"]
[Round "3.2"]
[White "Antova, Gabriela"]
[Black "Botsari, Anna Maria"]
[Result "1/2-1/2"]
[WhiteElo "2257"]
[BlackElo "2233"]
[PlyCount "57"]
[EventDate "2019.07.02"]
[EventType "team-swiss"]
[EventRounds "7"]
[EventCountry "GRE"]
[SourceTitle "CBM 191 Extra"]
[Source "ChessBase"]
[SourceDate "2019.09.30"]
[SourceVersion "1"]
[SourceVersionDate "2019.09.30"]
[SourceQuality "1"]
[WhiteTeam "Chania SA"]
[BlackTeam "Nikaia Fysiolatris"]
[WhiteTeamCountry "GRE"]
[BlackTeamCountry "GRE"]

1. d4 Nf6 2. c4 e6 3. Nf3 b6 4. g3 Bb7 5. Bg2 Be7 6. 0-0 0-0 7. Nc3 Ne4 8. Bd2 f5 9. Qc2 Qc8 10. Rad1 Bf6 11. d5 Nd6 12. b3 Na6 13. a3 Nc5 14. Bf4 Nce4 15. Be5 Nxc3 16. Bxc3 Bxc3 17. Qxc3 Ne4 18. Qd4 d6 19. dxe6 Qxe6 20. Ng5 Qe7 21. Nxe4 Bxe4 22. Bxe4 Qxe4 23. Qxe4 fxe4 24. Rd4 Rae8 25. b4 Rf6 26. Rc1 Ref8 27. Rf1 Re8 28. Rc1 Ref8 29. Rf1 1/2-1/2

[Event "Olympiad Women-43"]
[Site "Batumi"]
[Date "2018.09.26"]
[Round "3.7"]
[White "Botsari, Anna Maria"]
[Black "Danielian, Elina"]
[Result "0-1"]
[WhiteElo "2252"]
[BlackElo "2409"]
[PlyCount "56"]
[EventDate "2018.09.24"]
[EventType "team-swiss"]
[EventRounds "11"]
[EventCountry "GEO"]
[SourceTitle "EXT 2020"]
[Source "ChessBase"]
[SourceDate "2019.10.17"]
[SourceVersion "1"]
[SourceVersionDate "2019.10.17"]
[SourceQuality "1"]
[WhiteTeam "Greece (W)"]
[BlackTeam "Armenia (W)"]
[WhiteTeamCountry "GRE"]
[BlackTeamCountry "ARM"]

1. d4 d6 2. c4 e5 3. Nc3 exd4 4. Qxd4 Nc6 5. Qd2 Nf6 6. g3 Be6 7. Nd5 Ne5 8. b3 Ne4 9. Qe3 Nc5 10. Bb2 c6 11. Nc3 Be7 12. Bg2 Qb6 13. Qd2 Bxc4 14. Ne4 Bd5 15. f3 Bxe4 16. fxe4 Bf6 17. Rb1 0-0 18. Nh3 Rfe8 19. Nf2 Ne6 20. h4 Rad8 21. Bc3 Nc4 22. Qd3 Bxc3+ 23. Qxc3 Ne3 24. Bf3 d5 25. exd5 Nd4 26. Be4 cxd5 27. Bd3 Rc8 28. Qd2 Rc2 0-1

[Event "GRE-chT 46th"]
[Site "Rio Achaia"]
[Date "2018.07.13"]
[Round "5.1"]
[White "Paehtz, Elisabeth"]
[Black "Botsari, Anna Maria"]
[Result "1-0"]
[WhiteElo "2489"]
[BlackElo "2284"]
[PlyCount "75"]
[EventDate "2018.07.10"]
[EventType "team"]
[EventRounds "7"]
[EventCountry "GRE"]
[SourceTitle "CBM 185 Extra"]
[Source "ChessBase"]
[SourceDate "2018.07.29"]
[SourceVersion "1"]
[SourceVersionDate "2018.07.29"]
[SourceQuality "1"]
[WhiteTeam "Kavalas"]
[BlackTeam "Nikaia Fysiolatris"]
[WhiteTeamCountry "GRE"]
[BlackTeamCountry "GRE"]

1. e4 c5 2. Nf3 e6 3. d4 cxd4 4. Nxd4 Nc6 5. Nc3 Qc7 6. Be3 a6 7. Qd2 Nf6 8. f4 Bb4 9. Bd3 Na5 10. a3 Bxc3 11. Qxc3 Qxc3+ 12. bxc3 d5 13. exd5 exd5 14. Nb3 Nc4 15. Bd4 Ne4 16. 0-0 0-0 17. Rfe1 f5 18. Nc5 b6 19. Nxe4 fxe4 20. Bxc4 dxc4 21. Rxe4 Bf5 22. Re7 Rf7 23. Re2 b5 24. Rae1 h5 25. Re5 Raf8 26. g3 h4 27. R1e2 Bg4 28. R2e3 hxg3 29. hxg3 Bf5 30. Re2 Bg4 31. Rh2 Bf5 32. Rd2 Rd8 33. Kf2 Bc8 34. Rg5 Re8 35. Be5 Bf5 36. Bxg7 Kh7 37. Bd4 Re6 38. g4 1-0

[Event "EU-chT (Women) 21st"]
[Site "Heraklion"]
[Date "2017.11.04"]
[Round "7.1"]
[White "Worek, Joanna"]
[Black "Botsari, Anna Maria"]
[Result "1/2-1/2"]
[WhiteElo "2299"]
[BlackElo "2287"]
[PlyCount "61"]
[EventDate "2017.10.28"]
[EventType "team-swiss"]
[EventRounds "9"]
[EventCountry "GRE"]
[SourceTitle "CBM 181 Extra"]
[Source "ChessBase"]
[SourceDate "2017.12.12"]
[SourceVersion "1"]
[SourceVersionDate "2017.12.12"]
[SourceQuality "1"]
[WhiteTeam "Czech Republic (W)"]
[BlackTeam "Greece (W)"]
[WhiteTeamCountry "CZE"]
[BlackTeamCountry "GRE"]

1. e4 c5 2. Nf3 e6 3. d4 cxd4 4. Nxd4 Nc6 5. Nc3 Qc7 6. f4 a6 7. Nxc6 bxc6 8. Bd3 d5 9. Qe2 Nf6 10. e5 Nd7 11. 0-0 Be7 12. Na4 c5 13. b3 Bb7 14. c4 d4 15. Bd2 0-0 16. Rae1 g6 17. Bc2 Rfe8 18. Nb2 Bf8 19. Nd3 a5 20. a4 Bg7 21. h4 h5 22. Kh2 Qd8 23. g3 Bf8 24. Rg1 Kg7 25. Ref1 Be7 26. Nf2 Rh8 27. Nh3 Qc7 28. Rf2 Ra6 29. Re1 f5 30. Rff1 Qc6 31. Rg1 1/2-1/2

[Event "EU-chT (Women) 21st"]
[Site "Heraklion"]
[Date "2017.11.03"]
[Round "6.1"]
[White "Botsari, Anna Maria"]
[Black "Sebag, Marie"]
[Result "0-1"]
[WhiteElo "2287"]
[BlackElo "2495"]
[PlyCount "146"]
[EventDate "2017.10.28"]
[EventType "team-swiss"]
[EventRounds "9"]
[EventCountry "GRE"]
[SourceTitle "CBM 181 Extra"]
[Source "ChessBase"]
[SourceDate "2017.12.12"]
[SourceVersion "1"]
[SourceVersionDate "2017.12.12"]
[SourceQuality "1"]
[WhiteTeam "Greece (W)"]
[BlackTeam "France (W)"]
[WhiteTeamCountry "GRE"]
[BlackTeamCountry "FRA"]

1. d4 d5 2. c4 c6 3. Nf3 Nf6 4. Nbd2 Bf5 5. Nh4 Be6 6. e3 g6 7. Be2 Bg7 8. 0-0 0-0 9. b3 c5 10. Bb2 cxd4 11. exd4 Nc6 12. Nhf3 a5 13. Re1 Ne4 14. Nxe4 dxe4 15. Ne5 Nxe5 16. dxe5 a4 17. Qc2 Qb6 18. Qxe4 axb3 19. Bd4 Qb4 20. axb3 Rxa1 21. Rxa1 Qxb3 22. Rb1 Qa2 23. Ra1 Qb3 24. Rb1 Qa2 25. Ra1 Qd2 26. Rd1 Qa5 27. Qxb7 Bxe5 28. Qb5 Qxb5 29. cxb5 Bxd4 30. Rxd4 Rc8 31. f4 Rc2 32. Bf3 Rb2 33. Rd8+ Kg7 34. Rb8 Bc4 35. b6 e6 36. h4 Bd5 37. Bxd5 exd5 38. Kh2 Kf6 39. Rd8 Ke6 40. Re8+ Kf5 41. Re7 f6 42. b7 h5 43. Rg7 Rb3 44. Kg1 Rb2 45. Kh2 Rb3 46. Kg1 d4 47. Rd7 Ke4 48. Kf2 Rb2+ 49. Kg3 Rb3+ 50. Kf2 f5 51. Ke1 Ke3 52. Kd1 d3 53. Re7+ Kxf4 54. Kd2 Kg3 55. Rg7 Kxg2 56. Rxg6+ Kh3 57. Rg5 Kxh4 58. Rxf5 Rxb7 59. Kxd3 Re7 60. Kd2 Kg4 61. Rf1 Kg3 62. Rg1+ Kf2 63. Rg8 Rd7+ 64. Kc3 h4 65. Rf8+ Kg3 66. Rg8+ Kf4 67. Rh8 Kg5 68. Kc2 Rd5 69. Kc3 Kg4 70. Kc4 Rh5 71. Rg8+ Rg5 72. Rh8 h3 73. Kd4 Kg3 0-1

[Event "EU-chT (Women) 21st"]
[Site "Heraklion"]
[Date "2017.10.30"]
[Round "3.1"]
[White "Bulmaga, Irina"]
[Black "Botsari, Anna Maria"]
[Result "1-0"]
[WhiteElo "2423"]
[BlackElo "2287"]
[PlyCount "81"]
[EventDate "2017.10.28"]
[EventType "team-swiss"]
[EventRounds "9"]
[EventCountry "GRE"]
[SourceTitle "CBM 181 Extra"]
[Source "ChessBase"]
[SourceDate "2017.12.12"]
[SourceVersion "1"]
[SourceVersionDate "2017.12.12"]
[SourceQuality "1"]
[WhiteTeam "Romania (W)"]
[BlackTeam "Greece (W)"]
[WhiteTeamCountry "ROU"]
[BlackTeamCountry "GRE"]

1. e4 c5 2. Nf3 e6 3. d4 cxd4 4. Nxd4 Nc6 5. Nc3 Qc7 6. Be3 a6 7. Qd2 Nf6 8. 0-0-0 Be7 9. f3 0-0 10. g4 b5 11. h4 Bb7 12. Nxc6 Bxc6 13. Bd3 d5 14. g5 b4 15. gxf6 bxc3 16. Qxc3 Bxf6 17. Bd4 Bxd4 18. Qxd4 dxe4 19. fxe4 Bb5 20. Rhg1 e5 21. Qf2 f6 22. Qf5 Rac8 23. c3 Rcd8 24. Bxb5 Rxd1+ 25. Rxd1 axb5 26. h5 Qb6 27. Kc2 Rd8 28. Rxd8+ Qxd8 29. Qe6+ Kf8 30. Qc6 Qe8 31. Qc5+ Kg8 32. Qd5+ Kf8 33. b4 g5 34. h6 Qg6 35. c4 Qxh6 36. cxb5 Qh2+ 37. Kb3 Qe2 38. Qd6+ Kg7 39. b6 Qe3+ 40. Ka4 Qe2 41. b7 1-0

[Event "EU-chT (Women) 21st"]
[Site "Heraklion"]
[Date "2017.10.28"]
[Round "1.1"]
[White "Lagno, Kateryna"]
[Black "Botsari, Anna Maria"]
[Result "1-0"]
[WhiteElo "2541"]
[BlackElo "2287"]
[PlyCount "117"]
[EventDate "2017.10.28"]
[EventType "team-swiss"]
[EventRounds "9"]
[EventCountry "GRE"]
[SourceTitle "CBM 181 Extra"]
[Source "ChessBase"]
[SourceDate "2017.12.12"]
[SourceVersion "1"]
[SourceVersionDate "2017.12.12"]
[SourceQuality "1"]
[WhiteTeam "Russia (W)"]
[BlackTeam "Greece (W)"]
[WhiteTeamCountry "RUS"]
[BlackTeamCountry "GRE"]

1. e4 c5 2. Nf3 e6 3. d4 cxd4 4. Nxd4 Nc6 5. Nc3 Qc7 6. Be2 Nf6 7. Be3 Be7 8. f4 d6 9. Qd2 0-0 10. 0-0-0 Nxd4 11. Qxd4 b6 12. g4 d5 13. e5 Nd7 14. Nb5 Qb8 15. Qd2 Ba6 16. Nd4 Bxe2 17. Qxe2 Re8 18. h4 Bf8 19. g5 Nc5 20. h5 Qb7 21. Kb1 a5 22. g6 fxg6 23. hxg6 h6 24. f5 exf5 25. Bxh6 gxh6 26. Nxf5 Re6 27. g7 Bxg7 28. Rdg1 Ra7 29. Nxg7 Qxg7 30. Rxg7+ Rxg7 31. Qd2 Rg5 32. Qxd5 Rgxe5 33. Qd2 Kh7 34. a3 Ne4 35. Qf4 Ng5 36. Ka2 Rc5 37. Rd1 Kg6 38. Rd8 Rxc2 39. Rg8+ Kh5 40. Rxg5+ hxg5 41. Qf7+ Rg6 42. Qh7+ Rh6 43. Qxc2 g4 44. Qf5+ Kh4 45. Qf2+ Kg5 46. Qe3+ Kh5 47. Kb3 Rg6 48. Qg3 Rc6 49. Ka4 Rc5 50. Qf4 Rg5 51. Qh2+ Kg6 52. Qd6+ Kh5 53. Qxb6 g3 54. Qg1 g2 55. b4 axb4 56. axb4 Rg4 57. Ka5 Kh4 58. b5 Rg5 59. Qh2+ 1-0

[Event "GRE-chT 45th"]
[Site "Achaia"]
[Date "2017.07.06"]
[Round "5.1"]
[White "Brunello, Marina"]
[Black "Botsari, Anna Maria"]
[Result "0-1"]
[WhiteElo "2367"]
[BlackElo "2314"]
[PlyCount "80"]
[EventDate "2017.07.03"]
[EventType "team-swiss"]
[EventRounds "7"]
[EventCountry "GRE"]
[SourceTitle "CBM 179 Extra"]
[Source "ChessBase"]
[SourceDate "2017.08.23"]
[SourceVersion "1"]
[SourceVersionDate "2017.08.23"]
[SourceQuality "1"]
[WhiteTeam "Nice Fysiolatris"]
[BlackTeam "Kavalas CN"]
[WhiteTeamCountry "GRE"]
[BlackTeamCountry "GRE"]

1. e4 c5 2. Nf3 e6 3. d4 cxd4 4. Nxd4 Nc6 5. Nc3 Qc7 6. Be2 Nf6 7. 0-0 Be7 8. Be3 0-0 9. f4 d6 10. Qe1 Nxd4 11. Bxd4 e5 12. Be3 exf4 13. Rxf4 Be6 14. Rd1 Qa5 15. Rf1 Kh8 16. Kh1 Rac8 17. Bd4 Nd7 18. a3 a6 19. Qf2 Qg5 20. Be3 Qg6 21. Bf4 Nc5 22. Qe3 Rfd8 23. Rf3 h6 24. Rg3 Qh7 25. b4 Nd7 26. Bxd6 Bf6 27. Na4 Bh4 28. Rf3 Re8 29. Rff1 Bf5 30. Qf4 Rxe4 31. Qxf5 Qxf5 32. Rxf5 Rxe2 33. Rxf7 Nf6 34. Bc7 Rxc2 35. Nc5 Ng4 36. g3 Nf2+ 37. Kg1 Nxd1 38. gxh4 Re8 39. Rf1 Nc3 40. Bg3 Ne2+ 0-1

[Event "GRE-chT 44th"]
[Site "Achaia"]
[Date "2016.07.10"]
[Round "7.3"]
[White "Botsari, Anna Maria"]
[Black "Gara, Ticia"]
[Result "0-1"]
[WhiteElo "2346"]
[BlackElo "2365"]
[PlyCount "84"]
[EventDate "2016.07.05"]
[EventType "team-swiss"]
[EventRounds "7"]
[EventCountry "GRE"]
[SourceTitle "CBM 173 Extra"]
[Source "ChessBase"]
[SourceDate "2016.08.29"]
[SourceVersion "1"]
[SourceVersionDate "2016.08.29"]
[SourceQuality "1"]
[WhiteTeam "Kavalas SO"]
[BlackTeam "Panionios GS"]
[WhiteTeamCountry "GRE"]
[BlackTeamCountry "GRE"]

1. d4 Nf6 2. c4 g6 3. Nf3 Bg7 4. e3 0-0 5. Be2 c5 6. d5 d6 7. Nc3 e6 8. Nd2 Re8 9. 0-0 Na6 10. Qb3 Nc7 11. a4 Na6 12. dxe6 Bxe6 13. Nd5 Bxd5 14. cxd5 Nb4 15. Bf3 Nd7 16. Nc4 Ne5 17. Nxe5 Bxe5 18. Bd2 a5 19. Bc3 Qh4 20. g3 c4 21. Qd1 Qf6 22. Be2 Bxc3 23. bxc3 Qxc3 24. Rc1 Qe5 25. Bxc4 Rac8 26. Qd2 Rc5 27. Bb3 b6 28. Rxc5 bxc5 29. Rc1 Qe4 30. Qe2 Re5 31. Qb5 Nxd5 32. Bxd5 Rxd5 33. Qxa5 h5 34. Qd8+ Kg7 35. a5 Qa4 36. h4 Rd2 37. Qb6 Qa3 38. Rc4 Rd1+ 39. Kg2 Qd3 40. Rf4 Qf1+ 41. Kf3 Rd2 42. Rxf7+ Kh6 0-1

[Event "GRE CupT final 34th"]
[Site "Porto Rio"]
[Date "2016.07.03"]
[Round "2"]
[White "Galopoulos, Nikolaos"]
[Black "Botsari, Anna Maria"]
[Result "1/2-1/2"]
[WhiteElo "2375"]
[BlackElo "2346"]
[PlyCount "65"]
[EventDate "2016.07.03"]
[EventType "team-k.o."]
[EventRounds "3"]
[EventCountry "GRE"]
[SourceTitle "CBM 173 Extra"]
[Source "ChessBase"]
[SourceDate "2016.08.29"]
[SourceVersion "1"]
[SourceVersionDate "2016.08.29"]
[SourceQuality "1"]
[WhiteTeam "Florinas"]
[BlackTeam "Kavalas"]
[WhiteTeamCountry "GRE"]
[BlackTeamCountry "GRE"]

1. d4 Nf6 2. c4 e6 3. g3 d5 4. Bg2 Bb4+ 5. Nd2 0-0 6. Ngf3 b6 7. cxd5 exd5 8. 0-0 Re8 9. Ne5 Bd6 10. Ndc4 Bf8 11. Bg5 c6 12. Ne3 Bb7 13. Qa4 b5 14. Qc2 h6 15. Bxf6 Qxf6 16. N3g4 Qd6 17. e4 Na6 18. exd5 cxd5 19. Ne3 g6 20. Qb3 Nc7 21. Rac1 Bg7 22. Rxc7 Qxc7 23. Nxd5 Bxd5 24. Bxd5 Bxe5 25. Bxa8 Rxa8 26. dxe5 Qxe5 27. Rd1 Rc8 28. Kg2 Qe4+ 29. Qf3 Qxf3+ 30. Kxf3 Rc2 31. Rd8+ Kg7 32. Ra8 Rxb2 33. Rxa7 1/2-1/2

[Event "GRE CupT final 34th"]
[Site "Porto Rio"]
[Date "2016.07.03"]
[Round "1"]
[White "Lirindzakis, Timotheos"]
[Black "Botsari, Anna Maria"]
[Result "1-0"]
[WhiteElo "2210"]
[BlackElo "2346"]
[PlyCount "71"]
[EventDate "2016.07.03"]
[EventType "team-k.o."]
[EventRounds "3"]
[EventCountry "GRE"]
[SourceTitle "CBM 173 Extra"]
[Source "ChessBase"]
[SourceDate "2016.08.29"]
[SourceVersion "1"]
[SourceVersionDate "2016.08.29"]
[SourceQuality "1"]
[WhiteTeam "Heraklion"]
[BlackTeam "Kavalas"]
[WhiteTeamCountry "GRE"]
[BlackTeamCountry "GRE"]

1. d4 Nf6 2. c4 e6 3. Nf3 b6 4. g3 Bb7 5. Bg2 Be7 6. 0-0 0-0 7. Nc3 Ne4 8. Bd2 f5 9. Nxe4 Bxe4 10. Bc3 Bf6 11. Rc1 a5 12. Qd2 Nc6 13. Rfd1 d6 14. d5 Bxc3 15. Rxc3 exd5 16. cxd5 Bxf3 17. Rxc6 Bxg2 18. Kxg2 a4 19. Rdc1 Rf7 20. R6c4 Ra5 21. R1c3 Qa8 22. Rd3 Re7 23. Kg1 Qe8 24. e3 Qf7 25. Rdd4 a3 26. b4 Ra7 27. Qd3 g6 28. b5 Qe8 29. Ra4 Rxa4 30. Rxa4 Qf7 31. Rxa3 Re5 32. Ra8+ Kg7 33. Ra7 Rxd5 34. Qc3+ Kh6 35. Rxc7 Rd1+ 36. Kg2 1-0

[Event "EU-chT (Women) 20th"]
[Site "Reykjavik"]
[Date "2015.11.19"]
[Round "6.1"]
[White "Botsari, Anna Maria"]
[Black "Peng, Zhaoqin"]
[Result "1-0"]
[WhiteElo "2324"]
[BlackElo "2383"]
[PlyCount "79"]
[EventDate "2015.11.13"]
[EventType "team-swiss"]
[EventRounds "9"]
[EventCountry "ISL"]
[SourceTitle "CBM 169 Extra"]
[Source "ChessBase"]
[SourceDate "2015.12.18"]
[SourceVersion "1"]
[SourceVersionDate "2015.12.18"]
[SourceQuality "1"]
[WhiteTeam "Greece (W)"]
[BlackTeam "Netherlands (W)"]
[WhiteTeamCountry "GRE"]
[BlackTeamCountry "NED"]

1. d4 Nf6 2. c4 e6 3. g3 Bb4+ 4. Bd2 Qe7 5. Bg2 Nc6 6. d5 Ne5 7. Qb3 a5 8. Nf3 Nxf3+ 9. Qxf3 c6 10. Nc3 h6 11. 0-0 0-0 12. e4 e5 13. a3 Bc5 14. Na4 Bd4 15. Bc3 d6 16. b4 axb4 17. axb4 b5 18. Bxd4 bxa4 19. Bb2 Qb7 20. Ba3 Bd7 21. Qd3 Rfd8 22. Rfe1 Rac8 23. Rac1 Qa7 24. h3 Ne8 25. c5 Rb8 26. Qe3 dxc5 27. Rxc5 Rbc8 28. Rec1 Qb7 29. Qc3 cxd5 30. exd5 Qb8 31. Qe3 f6 32. Bf1 Qb7 33. Rxc8 Rxc8 34. Rxc8 Qxc8 35. Qc5 Kf7 36. b5 Qxc5 37. Bxc5 Bc8 38. b6 Bb7 39. Bc4 f5 40. d6+ 1-0

[Event "Olympiad Women-41"]
[Site "Tromsoe"]
[Date "2014.08.14"]
[Round "11.1"]
[White "Botsari, Anna Maria"]
[Black "Zimina, Olga"]
[Result "1-0"]
[WhiteElo "2299"]
[BlackElo "2327"]
[PlyCount "153"]
[EventDate "2014.08.02"]
[EventType "team-swiss"]
[EventRounds "11"]
[EventCountry "NOR"]
[SourceTitle "CBM 162"]
[Source "ChessBase"]
[SourceDate "2014.09.17"]
[SourceVersion "1"]
[SourceVersionDate "2014.09.17"]
[SourceQuality "1"]
[WhiteTeam "Greece (W)"]
[BlackTeam "Italy (W)"]
[WhiteTeamCountry "GRE"]
[BlackTeamCountry "ITA"]

1. d4 d5 2. c4 c6 3. Nf3 Nf6 4. e3 e6 5. Bd3 dxc4 6. Bxc4 Nbd7 7. 0-0 Bd6 8. Re1 0-0 9. e4 e5 10. Bg5 Qc7 11. h3 exd4 12. Bxf6 gxf6 13. Nxd4 Nb6 14. Nf5 Bxf5 15. exf5 Nxc4 16. Qg4+ Kh8 17. Qxc4 Qa5 18. Nc3 Qxf5 19. Rad1 Be5 20. Qb3 Rg8 21. Ne4 Rad8 22. Ng3 Rxd1 23. Rxd1 Qf4 24. Rd3 Bd4 25. Rf3 Qe5 26. Nf1 Qe7 27. Ne3 c5 28. Ng4 Rg6 29. Qc2 Qe1+ 30. Kh2 h5 31. Ne3 Be5+ 32. g3 h4 33. Nf5 hxg3+ 34. fxg3 Rg8 35. Qc4 Qd2+ 36. Kh1 Qd1+ 37. Kg2 Qd2+ 38. Rf2 Qg5 39. g4 Rd8 40. Qxc5 Qg8 41. Qxa7 Rd7 42. Qe3 Qg5 43. Qc5 Qg8 44. Qa3 Qc8 45. Qa4 Qd8 46. Qb4 Qc8 47. Qe4 Qc1 48. Qc2 Qxc2 49. Rxc2 Kh7 50. b3 Kg6 51. h4 Rd8 52. Kf3 b5 53. Ke4 b4 54. Rc4 Ra8 55. Rxb4 Rxa2 56. Rc4 Rd2 57. b4 Bh2 58. Rd4 Rb2 59. Kd5 Bg1 60. Rc4 Rb1 61. Kc6 Bf2 62. b5 Rb2 63. h5+ Kg5 64. Nd6 f5 65. Nxf5 Bg1 66. Nd6 Kf6 67. Ne4+ Ke5 68. Nc5 Kf6 69. b6 Kg5 70. b7 Bh2 71. Nd7 f5 72. gxf5 Kxf5 73. h6 Bg3 74. Rc3 Bf4 75. Rf3 Rc2+ 76. Nc5 Rb2 77. Rxf4+ 1-0

[Event "Olympiad Women-41"]
[Site "Tromsoe"]
[Date "2014.08.08"]
[Round "6.1"]
[White "Pourkashiyan, Atousa"]
[Black "Botsari, Anna Maria"]
[Result "1/2-1/2"]
[WhiteElo "2352"]
[BlackElo "2299"]
[PlyCount "108"]
[EventDate "2014.08.02"]
[EventType "team-swiss"]
[EventRounds "11"]
[EventCountry "NOR"]
[SourceTitle "CBM 162"]
[Source "ChessBase"]
[SourceDate "2014.09.17"]
[SourceVersion "1"]
[SourceVersionDate "2014.09.17"]
[SourceQuality "1"]
[WhiteTeam "Iran (W)"]
[BlackTeam "Greece (W)"]
[WhiteTeamCountry "IRI"]
[BlackTeamCountry "GRE"]

1. e4 c5 2. Nf3 e6 3. d4 cxd4 4. Nxd4 Nc6 5. Nc3 Qc7 6. Be3 a6 7. Qd2 Nf6 8. 0-0-0 Bb4 9. f3 0-0 10. g4 b5 11. g5 Nh5 12. Nde2 Ne5 13. Ng3 g6 14. Nxh5 gxh5 15. Be2 d5 16. exd5 exd5 17. Qd4 Bxc3 18. Qxc3 Qxc3 19. bxc3 Re8 20. Rde1 Bf5 21. Bd4 Re6 22. f4 Ng6 23. Bxh5 Nxf4 24. Ref1 Bg6 25. Bxg6 Ne2+ 26. Kd2 fxg6 27. Bf6 Re4 28. Rf2 Rae8 29. Rhf1 d4 30. cxd4 Nxd4 31. Kc1 Nf5 32. Rd1 Ne3 33. Rd7 Ng4 34. Rg7+ Kf8 35. Rd2 Nxf6 36. gxf6 Rf4 37. Rxh7 Re1+ 38. Kb2 Rb4+ 39. Kc3 Rc4+ 40. Kd3 Re6 41. Rf2 Rd6+ 42. Ke3 Rcc6 43. f7 Re6+ 44. Kd2 Rf6 45. Rxf6 Rxf6 46. Ke3 Rc6 47. Kd3 Rc4 48. h4 Ra4 49. h5 gxh5 50. Rxh5 Kxf7 51. Re5 Rxa2 52. Kc3 Ra4 53. Kb3 Rc4 54. c3 Rc6 1/2-1/2

[Event "Olympiad Women-41"]
[Site "Tromsoe"]
[Date "2014.08.06"]
[Round "5.1"]
[White "Lujan, Carolina"]
[Black "Botsari, Anna Maria"]
[Result "0-1"]
[WhiteElo "2367"]
[BlackElo "2299"]
[PlyCount "102"]
[EventDate "2014.08.02"]
[EventType "team-swiss"]
[EventRounds "11"]
[EventCountry "NOR"]
[SourceTitle "CBM 162"]
[Source "ChessBase"]
[SourceDate "2014.09.17"]
[SourceVersion "1"]
[SourceVersionDate "2014.09.17"]
[SourceQuality "1"]
[WhiteTeam "Argentina (W)"]
[BlackTeam "Greece (W)"]
[WhiteTeamCountry "ARG"]
[BlackTeamCountry "GRE"]

1. e4 c5 2. Nf3 e6 3. d4 cxd4 4. Nxd4 Nc6 5. Nc3 Qc7 6. g3 a6 7. Bg2 d6 8. 0-0 Bd7 9. Re1 Nxd4 10. Qxd4 Ne7 11. Bg5 Nc6 12. Qd2 h6 13. Be3 Ne5 14. Bd4 Be7 15. f4 Nc4 16. Qe2 0-0 17. b3 Na3 18. f5 Bf6 19. Bxf6 gxf6 20. Qd2 Rac8 21. Ne2 Nxc2 22. Qxh6 Qc5+ 23. Kh1 Nxe1 24. Nf4 Nd3 25. Nxd3 Qd4 26. Rd1 exf5 27. exf5 Bxf5 28. Qf4 Qxf4 29. Nxf4 Bg4 30. Rf1 Rc2 31. Nd5 Be2 32. Re1 Kg7 33. Nf4 Re8 34. Kg1 Bb5 35. Rd1 Bc6 36. Nh5+ Kf8 37. Bxc6 bxc6 38. Nxf6 Ree2 39. Ng4 Rxa2 40. h4 Rg2+ 41. Kh1 Rxg3 42. Nh6 Rxb3 43. Nf5 d5 44. Nd4 Rh3+ 45. Kg1 Rha3 46. Nxc6 Ra1 47. Rxa1 Rxa1+ 48. Kf2 Ra4 49. Kg3 Re4 50. Nb8 a5 51. Nd7+ Kg7 0-1